000 00752nam a2200217 a 4500
003 OSt
005 20130930191901.0
008 130930n brz||||| |||| 00| 0 spa d
040 _cBiblioteca Medicina
041 _aspa
082 _bVARIOS 0341
110 _aDepartamento Cultural e de Divulgaçao
_92627
245 0 0 _aTextos de Brasil nº 10
250 _a1º ed
260 _a s/l
_bDepartamento Cultural e de Divulgaçao; Ministerio de Relaciones Exteriores
_cs/f
300 _a205 p.
653 _aSALUD-BRASIL
942 _2ddc
_cPH
952 _40
_00
_bBFM
_10
_oVARIOS 0341
_d2013-09-30
_tEj. 1
_8NFIC
_70
_cCR
_2ddc
_yPH
_aBFM
952 _40
_00
_bBFM
_10
_oVARIOS 0341
_d2013-09-30
_tEj. 2
_8NFIC
_70
_cCR
_2ddc
_yPH
_aBFM
999 _c1703
_d1703